|
|
|
|
| LEADER |
00824nab a2200217 i 4500 |
| 001 |
publ24508 |
| 005 |
20220610100808.0 |
| 008 |
220610s2022 hu o 0|| Angol d |
| 022 |
|
|
|a 2191-6128
|
| 024 |
7 |
|
|a 10.1515/cercles-2022-2044
|2 doi
|
| 024 |
7 |
|
|a 32868830
|2 mtmt
|
| 040 |
|
|
|a SZTE Publicatio Repozitórium
|b hun
|
| 041 |
|
|
|a Angol
|
| 100 |
2 |
|
|a Nguyen Van Son
|
| 245 |
1 |
0 |
|a Non-English major students’ perceptions of aspects of their autonomous language learning
|h [elektronikus dokumentum] /
|c Nguyen Van Son
|
| 260 |
|
|
|c 2022
|
| 300 |
|
|
|a 231-253
|
| 490 |
0 |
|
|a LANGUAGE LEARNING IN HIGHER EDUCATION
|v 12 No. 1
|
| 650 |
|
4 |
|a Általános oktatás (benne képzés, pedagógia, didaktika)
|
| 700 |
0 |
1 |
|a Habók Anita
|e aut
|
| 856 |
4 |
0 |
|u http://publicatio.bibl.u-szeged.hu/24508/1/10.1515_cercles-2022-2044.pdf
|z Dokumentum-elérés
|